Explainable AI for Practitioners (Record no. 13540)

MARC details
000 -LEADER
fixed length control field 00420nam a22001817a 4500
003 - CONTROL NUMBER IDENTIFIER
control field OSt
008 - FIXED-LENGTH DATA ELEMENTS--GENERAL INFORMATION
fixed length control field 250506b |||||||| |||| 00| 0 eng d
020 ## - INTERNATIONAL STANDARD BOOK NUMBER
International Standard Book Number 9789355422439
082 ## - DEWEY DECIMAL CLASSIFICATION NUMBER
Classification number 006.33 MUE
100 ## - MAIN ENTRY--PERSONAL NAME
Personal name MUNN,Michael
245 ## - TITLE STATEMENT
Title Explainable AI for Practitioners
250 ## - EDITION STATEMENT
Edition statement 1st Ed
260 ## - PUBLICATION, DISTRIBUTION, ETC. (IMPRINT)
Place of publication, distribution, etc Mumbai
Name of publisher, distributor, etc SPD
Date of publication, distribution, etc 2022
300 ## - PHYSICAL DESCRIPTION
Extent 259
650 ## - SUBJECT ADDED ENTRY--TOPICAL TERM
Topical term or geographic name as entry element Explainable AI
700 ## - ADDED ENTRY--PERSONAL NAME
Personal name PITMAN,David
942 ## - ADDED ENTRY ELEMENTS (KOHA)
Source of classification or shelving scheme Dewey Decimal Classification
Koha item type Text Books
Holdings
Withdrawn status Lost status Source of classification or shelving scheme Damaged status Not for loan Collection code Home library Current library Date acquired Source of acquisition Currency Cost, normal purchase price Bill Number Total Checkouts Full call number Acc. no. / Barcode Date last seen Actual Cost, discounted price Bill Date Koha item type
    Dewey Decimal Classification     B.Tech(CSE) PIET C-LIBRARY PIET C-LIBRARY 02/05/2025 Zaffa Books INR 1100.00 ZBD0096   006.33 MUE 39641 06/05/2025 825.00 02/05/2025 Reference Books
    Dewey Decimal Classification     B.Tech(CSE) PIET C-LIBRARY PIET C-LIBRARY 02/05/2025 Zaffa Books INR 1100.00 ZBD0096   006.33 MUE 39642 06/05/2025 825.00 02/05/2025 Text Books
    Dewey Decimal Classification     B.Tech(CSE) PIET C-LIBRARY PIET C-LIBRARY 02/05/2025 Zaffa Books INR 1100.00 ZBD0096   006.33 MUE 39643 06/05/2025 825.00 02/05/2025 Text Books
    Dewey Decimal Classification     B.Tech(CSE) PIET C-LIBRARY PIET C-LIBRARY 02/05/2025 Zaffa Books INR 1100.00 ZBD0096   006.33 MUE 39644 06/05/2025 825.00 02/05/2025 Text Books
    Dewey Decimal Classification     B.Tech(CSE) PIET C-LIBRARY PIET C-LIBRARY 02/05/2025 Zaffa Books INR 1100.00 ZBD0096   006.33 MUE 39645 06/05/2025 825.00 02/05/2025 Text Books

Design & Developed by: PIET Central Library
R70 Miles Stone Pattikalyana Samalkha Panipat 132102
mail ID :- [email protected], Phone No:- 0180-2569700 Ex.216